Statistiche per Clicca su una provincia valida A-Z

Clicka qui per fare il quiz!

Statistiche generali

  • Questo quiz è stato fatto 15.720 volte
    (6.778 dall'ultimo reset)
  • Il punteggio medio è 7 su 17

Risposte nella Mappa

Le risposte nella mappa del quiz sottostante sono codificate secondo una scala di colori dal rosso al verde in base alla % di persone che hanno risposto correttamente.
 

Statistiche sulle risposte

Risposta% Corretto
R
64%
V
56%
F
54%
I
53%
G
47%
U
47%
S
44%
L
43%
T
40%
N
36%
B
33%
M
33%
O
33%
A
31%
C
30%
P
28%
E
22%

Distribuzione punteggi

Percentile per numero di risposta

Percentuale di utenti per punteggio

I tuoi punteggi nel tempo

Non hai fatto questo quiz dall'ultimo reset